000 00500nam a2200169Ia 4500
005 20250424120221.0
008 250424s9999 xx 000 0 und d
022 _a01895710
050 _aRC 815 .A37/
245 0 _aAfrican journal of oral health.[AJOH]
260 _aIle-Ife, Nigeria
260 _bThe Chartered Institute of Taxation of Nigeria.
260 _c2016
300 _a28 p. :ill. ; 29 cm.
650 _aOral medicine--Periodicals. Oral medicine--Africa--Periodicals.
942 _cSR
999 _c38050
_d38050